Obcokrajowcy w ekstraklasie - Statystyki

Ogólne statystyki
  • Ten quiz został rozwiązany 22 razy
  • Średni wynik to 8 z 10
Statystyki odpowiedzi
Zawodnicy Kraj % Poprawnych
14 Portugalia
100%
12 Słowacja
100%
32 Hiszpania
95%
10 Szwecja
95%
10 Ukraina
90%
9 Francja
85%
15 Chorwacja
80%
8 Słowenia
75%
7 Bośnia i Hercegowina
60%
9 Grecja
60%
Nie znaleziono quizów pasujących do podanych kryteriów
Rozkład punktacji
Procent ludzi z każdym wynikiem
Percentyl według liczby udzielonych odpowiedzi
Twoja historia wyników
Nie rozwiązałeś tego quizu